[Event "World Blitz Championship"]
[Site "Berlin GER"]
[Date "2015.10.14"]
[EventDate "2015.10.13"]
[Round "13.2"]
[Result "1-0"]
[White "Maxime Vachier-Lagrave"]
[Black "Boris Gelfand"]
[WhiteElo "2758"]
[BlackElo "2741"]
[PlyCount "67"]

1. Nf3 d5 2. g3 g6 3. Bg2 Bg7 4. O-O e5 5. d3 Ne7 6. e4 dxe4
7. dxe4 Qxd1 8. Rxd1 Nbc6 9. c3 Be6 10. Na3 h6 11. Be3 a6
12. Nd2 O-O 13. Bf1 Rfd8 14. Bc4 Bxc4 15. Naxc4 f5 16. Nb3 b6
17. f3 Rxd1+ 18. Rxd1 Rd8 19. Rxd8+ Nxd8 20. a4 Ne6 21. Kf2 f4
22. Bd2 fxg3+ 23. hxg3 h5 24. a5 b5 25. Ne3 c5 26. c4 Nd4
27. Nxc5 Nec6 28. Nxa6 bxc4 29. Nxc4 Nb3 30. Bc3 Kf7 31. Nc7
Bf8 32. a6 Bc5+ 33. Kg2 Nbd4 34. b4 1-0

[Event "World Blitz Championship"]
[Site "Berlin GER"]
[Date "2015.10.14"]
[EventDate "2015.10.13"]
[Round "14.2"]
[Result "1/2-1/2"]
[White "Vladimir Onischuk"]
[Black "Maxime Vachier-Lagrave"]
[WhiteElo "2612"]
[BlackElo "2758"]
[PlyCount "91"]

1. e4 c5 2. Nf3 d6 3. d4 cxd4 4. Nxd4 Nf6 5. Nc3 a6 6. a4 Nc6
7. Nxc6 bxc6 8. a5 g6 9. Bc4 Bg7 10. e5 Ng4 11. exd6 O-O
12. Be2 Nf6 13. dxe7 Qxe7 14. O-O Rd8 15. Qe1 Bf5 16. Bf3 Qc7
17. Be3 Re8 18. Qc1 Ng4 19. Bxg4 Bxg4 20. Bf4 Qb7 21. h3 Bf5
22. Rd1 Rad8 23. Rxd8 Rxd8 24. Be3 h5 25. Na4 Qb5 26. c3 Bf8
27. Nb6 Qe2 28. b4 Bg7 29. Bd4 Bxd4 30. cxd4 Rxd4 31. Qxc6
Rxb4 32. Nd5 Rb2 33. Qc5 Be6 34. Nf6+ Kg7 35. Qd4 Kf8 36. Ne4
Kg8 37. Rd1 Rb4 38. Nf6+ Kh8 39. Qa1 Qb2 40. Rd8+ Kg7 41. Ne8+
Kh7 42. Qd1 Qb1 43. Nc7 Bc4 44. Kh2 Qxd1 45. Rxd1 Rb7 46. Ne8
1/2-1/2

[Event "World Blitz Championship"]
[Site "Berlin GER"]
[Date "2015.10.14"]
[EventDate "2015.10.13"]
[Round "16.2"]
[Result "1/2-1/2"]
[White "Alexander Grischuk"]
[Black "Maxime Vachier-Lagrave"]
[WhiteElo "2774"]
[BlackElo "2758"]
[PlyCount "76"]

1. d4 Nf6 2. Bf4 b6 3. e3 Bb7 4. Nf3 g6 5. c4 Bg7 6. Nc3 d6
7. d5 O-O 8. Be2 e5 9. Bg5 h6 10. Bh4 a5 11. Nd2 Nbd7 12. O-O
Nc5 13. e4 c6 14. dxc6 Bxc6 15. f3 Qd7 16. Re1 Nh5 17. Nf1 f5
18. exf5 gxf5 19. Ne3 Nf4 20. Bf1 Kh8 21. Ned5 Nxd5 22. Nxd5
Bxd5 23. Qxd5 e4 24. Rad1 exf3 25. gxf3 Be5 26. Kh1 Rae8
27. Bh3 Qg7 28. Rg1 Qf7 29. Qxf7 Rxf7 30. b3 Ne6 31. Bf2 Nf4
32. Bf1 Rb7 33. Bd3 Nh3 34. Rg2 Nxf2+ 35. Rxf2 f4 36. Be4 Rg7
37. Rg2 Reg8 38. Rdg1 Rxg2 1/2-1/2

[Event "World Blitz Championship"]
[Site "Berlin GER"]
[Date "2015.10.14"]
[EventDate "2015.10.13"]
[Round "19.2"]
[Result "1-0"]
[White "Vassily Ivanchuk"]
[Black "Maxime Vachier-Lagrave"]
[WhiteElo "2726"]
[BlackElo "2758"]
[PlyCount "69"]

1. e4 c5 2. g3 g6 3. Bg2 Bg7 4. d3 Nc6 5. f4 e6 6. Nf3 Nge7
7. c3 d5 8. O-O b6 9. Na3 O-O 10. e5 Rb8 11. Nc2 b5 12. Be3 c4
13. a3 a5 14. Bc5 cxd3 15. Qxd3 Re8 16. g4 f5 17. exf6 Bxf6
18. Rae1 Qc7 19. Qe3 Bg7 20. b4 Bd7 21. h3 Rf8 22. Ng5 Rf6
23. Nd4 e5 24. Nxc6 Nxc6 25. Bxd5+ Kh8 26. fxe5 Nxe5 27. Rxf6
Bxf6 28. Bd4 Re8 29. Nf7+ Kg7 30. Nxe5 h6 31. Qf2 Bc8 32. Nc6
Rxe1+ 33. Qxe1 Bxd4+ 34. cxd4 Kf8 35. Qe5 1-0

[Event "World Blitz Championship"]
[Site "Berlin GER"]
[Date "2015.10.14"]
[EventDate "2015.10.13"]
[Round "20.3"]
[Result "1/2-1/2"]
[White "Maxime Vachier-Lagrave"]
[Black "Ian Nepomniachtchi"]
[WhiteElo "2758"]
[BlackElo "2705"]
[PlyCount "105"]

1. d4 Nf6 2. c4 g6 3. Nc3 d5 4. cxd5 Nxd5 5. e4 Nxc3 6. bxc3
Bg7 7. Be3 c5 8. Nf3 Qa5 9. Qd2 Nd7 10. Rc1 O-O 11. d5 Nf6
12. c4 Qxd2+ 13. Nxd2 b6 14. Be2 e6 15. f3 Re8 16. Kf2 Bb7
17. Rhe1 Rad8 18. Bf1 Nd7 19. a4 f5 20. Bg5 Bd4+ 21. Kg3 Nf6
22. Nb3 Be5+ 23. Kf2 fxe4 24. f4 e3+ 25. Kg1 Bb2 26. Rc2 h6
27. Bh4 g5 28. fxg5 hxg5 29. Bxg5 Be5 30. Rxe3 Ng4 31. Rxe5
Nxe5 32. Bxd8 Rxd8 33. dxe6 Re8 34. a5 Rxe6 35. axb6 axb6
36. Rf2 Kg7 37. Nd2 Rd6 38. h3 Rd4 39. Kh2 Ba6 40. Nb3 Rd1
41. Be2 Rb1 42. Rf5 Nxc4 43. Nxc5 bxc5 44. Rxc5 Rb4 45. Rc7+
Kf8 46. h4 Ra4 47. Kg3 Ne5 48. Bxa6 Rxa6 49. Kf4 Nf7 50. Rc4
Nd6 51. Rb4 Ne8 52. g4 Nf6 53. Rd4 1/2-1/2

[Event "European Team Championship"]
[Site "Reykjavik ISL"]
[Date "2015.11.15"]
[EventDate "2015.11.13"]
[Round "3.3"]
[Result "1/2-1/2"]
[White "Maxime Vachier-Lagrave"]
[Black "Peter Leko"]
[WhiteElo "2765"]
[BlackElo "2708"]
[PlyCount "51"]

1. e4 e5 2. Nf3 Nc6 3. Bb5 Nf6 4. d3 Bc5 5. c3 O-O 6. O-O Re8
7. Nbd2 a6 8. Bxc6 dxc6 9. Nc4 Bg4 10. Bg5 h6 11. Bh4 Re6
12. h3 Bxf3 13. Qxf3 b5 14. Nxe5 Rxe5 15. d4 Re6 16. dxc5 Qd2
17. Bxf6 Rxf6 18. Qe3 Qxb2 19. Rfb1 Qc2 20. Rd1 Re8 21. f3 Qb2
22. Rdb1 Qc2 23. Rd1 Qb2 24. Rdb1 Qc2 25. Rc1 Qb2 26. Rcb1
1/2-1/2

[Event "European Team Championship"]
[Site "Reykjavik ISL"]
[Date "2015.11.19"]
[EventDate "2015.11.13"]
[Round "6.2"]
[Result "1/2-1/2"]
[White "Vassily Ivanchuk"]
[Black "Maxime Vachier-Lagrave"]
[WhiteElo "2720"]
[BlackElo "2765"]
[PlyCount "71"]

1. Nf3 c5 2. c4 Nc6 3. Nc3 e5 4. e3 Nf6 5. Be2 d5 6. d4 cxd4
7. exd4 e4 8. Ne5 dxc4 9. Nxc6 bxc6 10. O-O Be7 11. Bxc4 O-O
12. Bf4 Bf5 13. d5 cxd5 14. Nxd5 Nxd5 15. Bxd5 Rc8 16. Qb3 Bd6
17. Bxd6 Qxd6 18. Rad1 Qe5 19. Rd2 Rb8 20. Qa3 Be6 21. Bxe6
Qxe6 22. Qxa7 Ra8 23. Qd4 Rxa2 24. Re1 Qf6 25. Qxf6 gxf6
26. g4 Rb8 27. Rxe4 Raxb2 28. Rxb2 Rxb2 29. Re8+ Kg7 30. Re4
Rb5 31. Kg2 f5 32. gxf5 Rxf5 33. Rg4+ Kf6 34. Re4 Kg7 35. Rg4+
Kf6 36. Re4 1/2-1/2

[Event "European Team Championship"]
[Site "Reykjavik ISL"]
[Date "2015.11.21"]
[EventDate "2015.11.13"]
[Round "8.2"]
[Result "1/2-1/2"]
[White "Maxime Vachier-Lagrave"]
[Black "Baadur Aleksandrovich Jobava"]
[WhiteElo "2765"]
[BlackElo "2668"]
[PlyCount "40"]

1. e4 c6 2. Nf3 d5 3. Nc3 Bg4 4. h3 Bxf3 5. Qxf3 e6 6. d4 dxe4
7. Qxe4 Nf6 8. Qh4 Nbd7 9. Bd3 Qc7 10. Qf4 Bd6 11. Qf3 O-O-O
12. Be3 a6 13. O-O-O c5 14. dxc5 Nxc5 15. Bxc5 Bxc5 16. Bxa6
bxa6 17. Qa8+ Qb8 18. Qc6+ Qc7 19. Qa8+ Qb8 20. Qc6+ Qc7
1/2-1/2

[Event "European Team Championship"]
[Site "Reykjavik ISL"]
[Date "2015.11.22"]
[EventDate "2015.11.13"]
[Round "9.2"]
[Result "1/2-1/2"]
[White "Anish Giri"]
[Black "Maxime Vachier-Lagrave"]
[WhiteElo "2778"]
[BlackElo "2765"]
[PlyCount "60"]

1. e4 c5 2. Nf3 d6 3. Bb5+ Nd7 4. a4 Nf6 5. Nc3 g6 6. a5 Bg7
7. O-O O-O 8. d3 a6 9. Bc4 b5 10. axb6 Nxb6 11. Bb3 Bb7
12. Re1 e6 13. e5 dxe5 14. Nxe5 Nfd5 15. Na4 Nxa4 16. Bxa4 Nb6
17. Qg4 Qd4 18. Qxd4 cxd4 19. Bc6 Rfb8 20. h3 a5 21. b3 Nd5
22. Bxb7 Rxb7 23. Nc4 Rba7 24. Bd2 a4 25. b4 Rb7 26. Reb1 Rb5
27. Nd6 Rb6 28. Nc4 Rb5 29. Nd6 Rb6 30. Nc4 Rb5 1/2-1/2

[Event "London Chess Classic (Tiebreaks)"]
[Site "London ENG"]
[Date "2015.12.13"]
[EventDate "2015.12.13"]
[Round "2.2"]
[Result "1/2-1/2"]
[White "Maxime Vachier-Lagrave"]
[Black "Magnus Carlsen"]
[WhiteElo "2773"]
[BlackElo "2834"]
[PlyCount "101"]

1. c4 Nf6 2. Nc3 c5 3. Nf3 e6 4. e4 Nc6 5. Be2 e5 6. d3 d6
7. a3 Be7 8. b4 b6 9. O-O O-O 10. Rb1 Nd4 11. bxc5 bxc5
12. Bg5 Be6 13. Rb7 Nd7 14. Bxe7 Qxe7 15. Qa4 Nb6 16. Qa6 Bc8
17. Rxe7 Bxa6 18. Rb1 Rfb8 19. Kf1 Kf8 20. Rc7 Ne6 21. Rc6 Rd8
22. a4 Bb7 23. Rcxb6 axb6 24. Rxb6 Bc8 25. Bd1 Ra6 26. Rb2 Bd7
27. g3 Bc6 28. Ke1 Rda8 29. Ra2 Rb6 30. Kd2 g6 31. Kc1 Nd4
32. Nd2 Rb4 33. Rb2 Rab8 34. Nb5 Rxb2 35. Kxb2 Ke7 36. Kc3 Bd7
37. f4 f6 38. Nf1 exf4 39. gxf4 Ne6 40. f5 gxf5 41. Ne3 Nf4
42. exf5 Bc6 43. d4 Be4 44. d5 Ng2 45. Nxg2 Bxg2 46. Bc2 Bf3
47. Kb3 Ra8 48. Nc7 Ra7 49. Nb5 Ra8 50. Nc7 Ra7 51. Nb5
1/2-1/2

[Event "Norway Chess (Blitz)"]
[Site "Stavanger NOR"]
[Date "2016.04.18"]
[EventDate "2016.04.18"]
[Round "1.4"]
[Result "0-1"]
[White "Maxime Vachier-Lagrave"]
[Black "Magnus Carlsen"]
[WhiteElo "2788"]
[BlackElo "2851"]
[PlyCount "74"]

1. g3 d5 2. Nf3 c6 3. Bg2 Bf5 4. O-O Nd7 5. d3 h6 6. Re1 Ngf6
7. Nc3 e5 8. e4 dxe4 9. Nxe4 Nxe4 10. dxe4 Be6 11. Qe2 Bc5
12. a3 O-O 13. b4 Bb6 14. Bb2 Qf6 15. c4 Bc7 16. c5 a5 17. Nd2
axb4 18. axb4 b6 19. cxb6 Bxb6 20. Nf3 Qe7 21. Nxe5 Nxe5
22. Bxe5 Qxb4 23. Rab1 Qc5 24. Rec1 Qxe5 25. Rxb6 c5 26. Rb5
Rfc8 27. h3 Ra1 28. Qe1 Rxc1 29. Qxc1 Qd4 30. Rb2 c4 31. Rd2
Qe5 32. f4 Qc5+ 33. Kh2 c3 34. Rd3 c2 35. f5 Ba2 36. Rd7 Qb5
37. Ra7 Qb1 0-1

[Event "Norway Chess (Blitz)"]
[Site "Stavanger NOR"]
[Date "2016.04.18"]
[EventDate "2016.04.18"]
[Round "2.2"]
[Result "1-0"]
[White "Maxime Vachier-Lagrave"]
[Black "Nils Grandelius"]
[WhiteElo "2788"]
[BlackElo "2649"]
[PlyCount "111"]

1. e4 c5 2. Nf3 Nf6 3. Nc3 d5 4. exd5 Nxd5 5. Bc4 Nb6 6. Bb5+
Bd7 7. a4 e6 8. O-O Be7 9. d3 O-O 10. Re1 a6 11. Bxd7 N6xd7
12. Ne4 Nc6 13. c3 Rc8 14. Bf4 Nf6 15. Qc2 Nd5 16. Bd2 Qd7
17. a5 Rfd8 18. Qa4 Nf6 19. Be3 Qxd3 20. Nxc5 Bxc5 21. Bxc5
Rd5 22. Bb6 Qf5 23. Rad1 h6 24. h3 Rxd1 25. Rxd1 Nd5 26. Nd4
Nxd4 27. Bxd4 e5 28. Bb6 Nxb6 29. axb6 Qe6 30. Qd7 Rc6
31. Qxb7 Rxb6 32. Rd8+ Kh7 33. Qe4+ f5 34. Qc2 e4 35. c4 Rd6
36. Rxd6 Qxd6 37. c5 Qc6 38. b4 Kg6 39. Qc3 Kf7 40. Qe5 g6
41. Kh2 h5 42. h4 Qb7 43. Qd6 e3 44. fxe3 Qxb4 45. Qd7+ Kg8
46. Qd8+ Kf7 47. c6 Qc5 48. Qc7+ Kf6 49. Qd8+ Kf7 50. Qd7+ Kf6
51. c7 Qe5+ 52. g3 Qb2+ 53. Kh3 Qe2 54. Qd6+ Kf7 55. Qd5+ Kf6
56. c8=Q 1-0

[Event "Norway Chess (Blitz)"]
[Site "Stavanger NOR"]
[Date "2016.04.18"]
[EventDate "2016.04.18"]
[Round "3.1"]
[Result "1-0"]
[White "Veselin Topalov"]
[Black "Maxime Vachier-Lagrave"]
[WhiteElo "2754"]
[BlackElo "2788"]
[PlyCount "99"]

1. e4 c5 2. Nf3 d6 3. Bb5+ Nd7 4. O-O a6 5. Bd3 Ngf6 6. a4 b6
7. Na3 Bb7 8. Re1 e6 9. c3 Be7 10. Bc2 Qc7 11. d4 O-O 12. h3
Rac8 13. Bd3 Rfe8 14. Qe2 Ra8 15. Bf4 g6 16. Bh2 Bf8 17. Nc4
b5 18. Ncd2 c4 19. Bc2 e5 20. Qe3 Bg7 21. dxe5 Nxe5 22. Nxe5
dxe5 23. b3 cxb3 24. Bxb3 bxa4 25. Bxa4 Red8 26. Rab1 Rac8
27. Rb3 Ba8 28. Bg3 Qa5 29. Ra1 Qc5 30. Qxc5 Rxc5 31. Bh4 h6
32. Bxf6 Bxf6 33. Ra2 Bg5 34. Nf3 Bxe4 35. Nxg5 hxg5 36. Rb6
Rxc3 37. Rxa6 Kg7 38. Ra7 Bf5 39. Re2 Rc1+ 40. Kh2 g4 41. hxg4
Bxg4 42. Rxe5 Rc4 43. f3 Bf5 44. Bb3 Rh4+ 45. Kg3 Rb4
46. Rxf7+ Kh6 47. Re3 Rd2 48. Rc7 Kg5 49. Bg8 Rbb2 50. f4+ 1-0

[Event "Norway Chess (Blitz)"]
[Site "Stavanger NOR"]
[Date "2016.04.18"]
[EventDate "2016.04.18"]
[Round "4.2"]
[Result "1/2-1/2"]
[White "Maxime Vachier-Lagrave"]
[Black "Levon Aronian"]
[WhiteElo "2788"]
[BlackElo "2784"]
[PlyCount "69"]

1. d4 Nf6 2. c4 e6 3. Nf3 d5 4. Nc3 Bb4 5. cxd5 exd5 6. Bg5 h6
7. Bh4 g5 8. Bg3 Ne4 9. Nd2 Nxc3 10. bxc3 Bxc3 11. Rc1 Bb2
12. Rxc7 Na6 13. Rc2 Bxd4 14. e3 Bg7 15. Bxa6 bxa6 16. O-O O-O
17. Nb3 Be6 18. Qd3 Rc8 19. Rxc8 Qxc8 20. Rc1 Qb7 21. Nd4 Qb2
22. Rb1 Qxa2 23. Nxe6 fxe6 24. Qg6 Kh8 25. h4 gxh4 26. Bxh4 d4
27. exd4 Qd5 28. Be7 Qf5 29. Qxf5 Rxf5 30. Bc5 Rd5 31. Rb8+
Kh7 32. Rb7 Kg6 33. Rxa7 Bxd4 34. Bxd4 Rxd4 35. Rxa6 1/2-1/2

[Event "Norway Chess (Blitz)"]
[Site "Stavanger NOR"]
[Date "2016.04.18"]
[EventDate "2016.04.18"]
[Round "5.3"]
[Result "0-1"]
[White "Anish Giri"]
[Black "Maxime Vachier-Lagrave"]
[WhiteElo "2790"]
[BlackElo "2788"]
[PlyCount "113"]

1. e4 c5 2. Nf3 d6 3. Bb5+ Nd7 4. a4 Nf6 5. Nc3 a6 6. Be2 e5
7. O-O Be7 8. d3 b6 9. Nd2 Bb7 10. Nc4 O-O 11. f4 exf4
12. Bxf4 d5 13. Nd6 Bxd6 14. Bxd6 Re8 15. exd5 Nxd5 16. Nxd5
Bxd5 17. Bf3 Nf6 18. Bg3 Bxf3 19. Qxf3 Qd4+ 20. Kh1 Qd5
21. Bh4 Qxf3 22. Rxf3 Nd5 23. Rf2 Re6 24. h3 Rae8 25. Kh2 f6
26. Bg3 Nb4 27. Rd1 Re2 28. Rd2 Rxd2 29. Rxd2 Kf7 30. d4 cxd4
31. Bf2 d3 32. c3 Nc6 33. Rxd3 Re2 34. Bxb6 Ne5 35. Rd6 Rxb2
36. Bd4 Nc4 37. Rxa6 h5 38. Kg3 h4+ 39. Kf3 Kg6 40. Rc6 Nd2+
41. Kf4 Ra2 42. Ra6 Nb3 43. Kf3 Kf5 44. Ra7 Nd2+ 45. Ke3 Nf1+
46. Kf3 Nh2+ 47. Ke3 Rxg2 48. a5 g5 49. Ra6 g4 50. Rxf6+ Kg5
51. Rf8 Ra2 52. Rg8+ Kf5 53. Rf8+ Ke6 54. hxg4 h3 55. Kf4 Nf1
56. Rh8 h2 57. Rh6+ 0-1

[Event "Norway Chess (Blitz)"]
[Site "Stavanger NOR"]
[Date "2016.04.18"]
[EventDate "2016.04.18"]
[Round "6.1"]
[Result "1-0"]
[White "Maxime Vachier-Lagrave"]
[Black "Pavel Eljanov"]
[WhiteElo "2788"]
[BlackElo "2765"]
[PlyCount "71"]

1. b3 d5 2. Bb2 Bf5 3. e3 e6 4. Nf3 Nf6 5. Be2 Be7 6. Nh4 Bg6
7. c4 c6 8. d3 Nbd7 9. Nd2 a5 10. a3 O-O 11. O-O Bd6 12. Nxg6
hxg6 13. Qc2 Qe7 14. d4 e5 15. dxe5 Nxe5 16. Nf3 Rfe8 17. Nxe5
Bxe5 18. Rfd1 Rad8 19. Bf3 dxc4 20. bxc4 Nd7 21. Bd4 Bd6
22. Qb2 Ne5 23. Be2 g5 24. h3 Rd7 25. Bb6 Ng6 26. Bxa5 Be5
27. Bc3 Red8 28. Rxd7 Rxd7 29. Bg4 Bxc3 30. Qxc3 Rd8 31. a4
Ne5 32. Be2 Qc5 33. a5 Rd7 34. g3 g6 35. a6 bxa6 36. Ra5 1-0

[Event "Norway Chess (Blitz)"]
[Site "Stavanger NOR"]
[Date "2016.04.18"]
[EventDate "2016.04.18"]
[Round "7.5"]
[Result "0-1"]
[White "Pentala Harikrishna"]
[Black "Maxime Vachier-Lagrave"]
[WhiteElo "2763"]
[BlackElo "2788"]
[PlyCount "86"]

1. e4 c5 2. Nf3 d6 3. d4 cxd4 4. Nxd4 Nf6 5. Nc3 a6 6. a3 g6
7. Be2 Bg7 8. O-O Nc6 9. Be3 O-O 10. Qd2 Ng4 11. Bxg4 Bxg4
12. Nd5 Rc8 13. f3 Be6 14. c3 Ne5 15. b3 Bxd5 16. exd5 Qa5
17. Ne2 Qb5 18. Rab1 Qd3 19. Rfd1 Qxd2 20. Rxd2 b5 21. h3 Rc7
22. Bb6 Rb7 23. Bd4 Rc8 24. Ra2 Nd3 25. Bxg7 Kxg7 26. a4 b4
27. c4 Nc5 28. Nd4 e5 29. dxe6 fxe6 30. Rd2 Kf6 31. Nc2 Ke7
32. Ne3 a5 33. Nc2 Rd7 34. Ne3 Rf8 35. Rd4 Kd8 36. Kh2 Kc7
37. Kg3 Kc6 38. Rd2 g5 39. Nc2 h5 40. Nd4+ Kb6 41. h4 gxh4+
42. Kxh4 d5 43. cxd5 Rxd5 0-1

[Event "Norway Chess (Blitz)"]
[Site "Stavanger NOR"]
[Date "2016.04.18"]
[EventDate "2016.04.18"]
[Round "8.5"]
[Result "1/2-1/2"]
[White "Maxime Vachier-Lagrave"]
[Black "Vladimir Kramnik"]
[WhiteElo "2788"]
[BlackElo "2801"]
[PlyCount "139"]

1. e4 e5 2. Nf3 Nc6 3. Bb5 Nf6 4. O-O Nxe4 5. Re1 Nd6 6. Nxe5
Be7 7. Bf1 Nxe5 8. Rxe5 O-O 9. Nc3 Ne8 10. Nd5 Bd6 11. Re1 c6
12. Ne3 Bc7 13. Nf5 d5 14. Ne7+ Kh8 15. Nxc8 Rxc8 16. d3 f5
17. g3 Nf6 18. Qf3 Qd7 19. Be3 d4 20. Bf4 Nd5 21. Be5 f4
22. g4 Nb4 23. Bxc7 Qxc7 24. Re2 Qb6 25. Rae1 Nd5 26. g5 Rcd8
27. Bh3 Qa5 28. a3 Nc7 29. Re5 Rd5 30. Qe4 f3 31. Bg4 Qd2
32. h4 Rdd8 33. Bxf3 Rf4 34. Qe2 Qxe2 35. Bxe2 Rxh4 36. Kg2
Rf4 37. Kg3 Rdf8 38. Bg4 Rxf2 39. R1e2 R2f7 40. Re7 Kg8 41. a4
g6 42. a5 Kg7 43. b4 Rxe7 44. Rxe7+ Rf7 45. Re4 Nb5 46. Be6
Re7 47. Kf4 Nc3 48. Re5 h6 49. gxh6+ Kxh6 50. Bc4 g5+ 51. Rxg5
Re2 52. Rg8 Rxc2 53. Rb8 b6 54. axb6 axb6 55. Rxb6 Rb2 56. Ke5
Kg5 57. Kxd4 Na4 58. Rxc6 Rxb4 59. Ra6 Kf5 60. Ra5+ Kf6
61. Ra6+ Ke7 62. Kd5 Nb2 63. Kc5 Rb8 64. Re6+ Kd7 65. Rh6 Rc8+
66. Kd5 Nxc4 67. dxc4 Rg8 68. Kc5 Kc7 69. Rh7+ Kb8 70. Kb5
1/2-1/2

[Event "Norway Chess (Blitz)"]
[Site "Stavanger NOR"]
[Date "2016.04.18"]
[EventDate "2016.04.18"]
[Round "9.4"]
[Result "0-1"]
[White "Li Chao"]
[Black "Maxime Vachier-Lagrave"]
[WhiteElo "2755"]
[BlackElo "2788"]
[PlyCount "90"]

1. d4 Nf6 2. Bf4 d6 3. e3 g6 4. h3 Bg7 5. Nf3 b6 6. Bd3 Bb7
7. O-O O-O 8. c4 Nbd7 9. Nc3 Re8 10. d5 e5 11. Bg5 h6 12. Bxf6
Qxf6 13. Nd2 Qe7 14. e4 h5 15. b4 Bh6 16. Qc2 c5 17. dxc6 Bxc6
18. Rfd1 Rac8 19. Nf1 Nf8 20. Ne3 Bxe3 21. fxe3 Qg5 22. Qf2 h4
23. a4 a5 24. bxa5 bxa5 25. Nb5 Re6 26. Rf1 Be8 27. Be2 Nd7
28. Bg4 Rf6 29. Qd2 Rc6 30. Kh2 Nc5 31. Qxa5 Kg7 32. Qa8 Nxe4
33. Qxe8 Rxc4 34. Qe7 Rxf1 35. Qxg5 Rxa1 36. Qxh4 Rcc1 37. Bd1
d5 38. Nd6 Nxd6 39. Qe7 Nf5 40. Qxe5+ Kh7 41. e4 dxe4 42. Qf6
Rxd1 43. Qxf7+ Kh6 44. Qf8+ Kg5 45. h4+ Kg4 0-1

[Event "Norway Chess"]
[Site "Stavanger NOR"]
[Date "2016.04.19"]
[EventDate "2016.04.18"]
[Round "1"]
[Result "1/2-1/2"]
[White "Maxime Vachier-Lagrave"]
[Black "Li Chao"]
[WhiteElo "2788"]
[BlackElo "2755"]
[PlyCount "74"]

1. e4 e5 2. Nf3 Nf6 3. Nxe5 d6 4. Nf3 Nxe4 5. Nc3 Nxc3 6. dxc3
Be7 7. Be3 Nc6 8. Qd2 Be6 9. O-O-O Qd7 10. b3 a6 11. h3 h5
12. Be2 O-O-O 13. Rhe1 Kb8 14. Kb2 d5 15. Nd4 Bf6 16. f4 g6
17. Bf3 Rhe8 18. Nxc6+ Qxc6 19. Bd4 Bh4 20. Bf2 Bf6 21. Bd4
Bh4 22. Bf2 Bf6 23. g4 hxg4 24. hxg4 d4 25. Bxc6 dxc3+
26. Qxc3 Bxc3+ 27. Kxc3 bxc6 28. g5 Rxd1 29. Rxd1 Bf5 30. Bd4
Re2 31. Rd2 Rxd2 32. Kxd2 Kc8 33. c4 Bb1 34. Kc1 Be4 35. Kd2
Bb1 36. Kc1 Be4 37. Kd2 Bb1 1/2-1/2

[Event "Norway Chess"]
[Site "Stavanger NOR"]
[Date "2016.04.21"]
[EventDate "2016.04.18"]
[Round "3"]
[Result "1/2-1/2"]
[White "Maxime Vachier-Lagrave"]
[Black "Pavel Eljanov"]
[WhiteElo "2788"]
[BlackElo "2765"]
[PlyCount "103"]

1. e4 e5 2. Nf3 Nc6 3. Bb5 Nf6 4. O-O Nxe4 5. d4 Nd6 6. Bxc6
dxc6 7. dxe5 Nf5 8. Qxd8+ Kxd8 9. h3 Be7 10. Nc3 Nh4 11. Nxh4
Bxh4 12. Be3 h5 13. Rad1+ Ke8 14. Ne2 Be7 15. Rfe1 a6 16. Bf4
g5 17. Be3 Bf5 18. Nd4 Bg6 19. e6 Rd8 20. exf7+ Kxf7 21. Nf3
Bxc2 22. Rxd8 Rxd8 23. Nxg5+ Kf6 24. Ne6 Rd1 25. Bg5+ Kf7
26. Rxd1 Bxd1 27. Bxe7 Kxe6 28. Bd8 Kd6 29. f3 c5 30. Kf2 b5
31. Ke3 b4 32. g4 hxg4 33. fxg4 a5 34. Kf4 c4 35. Bf6 c5
36. h4 Ke6 37. Bh8 Kf7 38. h5 a4 39. a3 Be2 40. Be5 c3
41. bxc3 bxa3 42. c4 Bxc4 43. g5 Bd3 44. g6+ Bxg6 45. hxg6+
Kxg6 46. Ke4 c4 47. Ba1 c3 48. Kd3 a2 49. Kxc3 a3 50. Kb3 Kh7
51. Kxa2 Kg8 52. Kxa3 1/2-1/2

[Event "Norway Chess"]
[Site "Stavanger NOR"]
[Date "2016.04.22"]
[EventDate "2016.04.19"]
[Round "4.4"]
[Result "1/2-1/2"]
[White "Maxime Vachier-Lagrave"]
[Black "Vladimir Kramnik"]
[WhiteElo "2788"]
[BlackElo "2801"]
[PlyCount "119"]

1. e4 e5 2. Nf3 Nc6 3. Bb5 Nf6 4. d3 Bc5 5. c3 O-O 6. O-O d6
7. h3 Ne7 8. d4 Bb6 9. Bd3 Ng6 10. Re1 Re8 11. Qc2 c6 12. Na3
Bc7 13. dxe5 Nxe5 14. Nxe5 dxe5 15. Be2 h6 16. Nc4 Nh7 17. Rd1
Qf6 18. Ne3 Qg6 19. Bg4 Bxg4 20. Nxg4 Bb6 21. a4 h5 22. Nh2
Nf6 23. a5 Bc5 24. b4 Bf8 25. Re1 a6 26. Nf3 Nd5 27. Qb3 Nf4
28. Bxf4 exf4 29. Rad1 Rad8 30. e5 Rxd1 31. Rxd1 Qf5 32. Re1
g5 33. Nd4 Qg6 34. e6 Kh8 35. Qd1 fxe6 36. Nf3 g4 37. Ne5 Qf5
38. hxg4 hxg4 39. Nxg4 Bg7 40. Qd7 Rf8 41. f3 c5 42. Qxe6 Qxe6
43. Rxe6 Bxc3 44. bxc5 Bxa5 45. Re7 Bb4 46. Rc7 Rf5 47. Rxb7
Bxc5+ 48. Kf1 a5 49. Rb5 a4 50. Nf2 Rh5 51. Ra5 a3 52. Nd3
Rh1+ 53. Ke2 Bd6 54. Ra6 Rh6 55. Kd1 Kg7 56. Kc2 Rg6 57. Kb3
Kf7 58. Nxf4 Bxf4 59. Rxg6 Kxg6 60. Kxa3 1/2-1/2

[Event "Norway Chess"]
[Site "Stavanger NOR"]
[Date "2016.04.24"]
[EventDate "2016.04.18"]
[Round "5"]
[Result "1/2-1/2"]
[White "Levon Aronian"]
[Black "Maxime Vachier-Lagrave"]
[WhiteElo "2784"]
[BlackElo "2788"]
[PlyCount "76"]

1. Nf3 c5 2. c3 Nf6 3. d4 cxd4 4. cxd4 d5 5. Nc3 Nc6 6. Bf4
Bf5 7. e3 e6 8. Qb3 Bb4 9. Ne5 Qb6 10. Nxc6 bxc6 11. Be2 Ne4
12. f3 Nxc3 13. bxc3 Be7 14. O-O O-O 15. c4 c5 16. cxd5 Qxb3
17. axb3 exd5 18. dxc5 Bxc5 19. Rfd1 Be6 20. Kf2 a5 21. Be5
Rfc8 22. Rdc1 Bb4 23. Bd1 Rxc1 24. Rxc1 Rc8 25. Rxc8+ Bxc8
26. g4 f6 27. Bd4 Kf7 28. f4 f5 29. h3 g6 30. Bf3 Ke6
31. gxf5+ gxf5 32. Be2 Bd7 33. Bd1 Be8 34. h4 h5 35. Be2 Be7
36. Kg3 Bb4 37. Kf2 Be7 38. Kg3 Bb4 1/2-1/2

[Event "Norway Chess"]
[Site "Stavanger NOR"]
[Date "2016.04.28"]
[EventDate "2016.04.18"]
[Round "8"]
[Result "1/2-1/2"]
[White "Maxime Vachier-Lagrave"]
[Black "Veselin Topalov"]
[WhiteElo "2788"]
[BlackElo "2754"]
[PlyCount "99"]

1. e4 e5 2. Nf3 Nc6 3. Bb5 Nf6 4. O-O Nxe4 5. d4 Nd6 6. Bxc6
dxc6 7. dxe5 Nf5 8. Qxd8+ Kxd8 9. h3 Bd7 10. Rd1 Be7 11. g4
Nh4 12. Nxh4 Bxh4 13. Nd2 Kc8 14. Nf3 Be7 15. Rd3 h6 16. Kg2
c5 17. Kg3 Re8 18. c4 a5 19. a4 f6 20. exf6 Bxf6 21. Ra2 Re2
22. Bd2 Ra6 23. b3 Rae6 24. Ng1 Bd4 25. Nxe2 Rxe2 26. Ra3 Bc6
27. Rxd4 cxd4 28. Bxa5 Rb2 29. c5 d3 30. Ra1 g5 31. b4 Bd5
32. Rd1 Rb3 33. b5 Ra3 34. f3 d2 35. Rxd2 Rxf3+ 36. Kh2 c6
37. Re2 Kd7 38. Be1 Ra3 39. bxc6+ Kxc6 40. a5 Kxc5 41. Bf2+
Kc4 42. Bb6 Kb5 43. Rb2+ Rb3 44. Rxb3+ Bxb3 45. Bd4 Bf7
46. Bg7 h5 47. gxh5 Bxh5 48. Bf6 g4 49. Bd8 gxh3 50. Kxh3
1/2-1/2

[Event "Norway Chess"]
[Site "Stavanger NOR"]
[Date "2016.04.29"]
[EventDate "2016.04.18"]
[Round "9"]
[Result "1/2-1/2"]
[White "Nils Grandelius"]
[Black "Maxime Vachier-Lagrave"]
[WhiteElo "2649"]
[BlackElo "2788"]
[PlyCount "110"]

1. d4 Nf6 2. c4 g6 3. g3 c6 4. Bg2 d5 5. e3 Bg7 6. Ne2 O-O
7. O-O Re8 8. Nd2 Bf5 9. Re1 Nbd7 10. Qb3 e5 11. cxd5 cxd5
12. dxe5 Nxe5 13. Nd4 Qd7 14. Qb5 Rac8 15. Qxd7 Bxd7 16. N2f3
Nxf3+ 17. Bxf3 Ne4 18. Rd1 h5 19. Bg2 Rc7 20. Bxe4 Rxe4 21. f3
Re8 22. b3 Rc3 23. Ne2 Rc2 24. Nd4 Rc3 25. Ne2 Rcxe3 26. Bxe3
Bxa1 27. Kf2 Bf6 28. Rxd5 Bc6 29. Rd2 a6 30. h4 Rd8 31. Rxd8+
Bxd8 32. Nf4 a5 33. Bd4 b5 34. Ke3 a4 35. bxa4 bxa4 36. Bc5
Kg7 37. a3 Kh6 38. Bf8+ Kh7 39. Bc5 g5 40. hxg5 Bxg5 41. Kf2
h4 42. Bd6 Bd7 43. gxh4 Bxh4+ 44. Ke2 Bg5 45. Kf2 Kg7 46. Be5+
Kf8 47. Bd6+ Ke8 48. Nd3 Bb5 49. f4 Bh4+ 50. Ke3 Kd7 51. Bb4
Ke6 52. Ne5 Ba6 53. Nf3 Bd8 54. Ng5+ Bxg5 55. fxg5 Kf5 1/2-1/2